000 00796cam a2200157 4500500
005 20251228093425.0
041 _afre
042 _adc
100 1 0 _aCraveri, Marta
_eauthor
700 1 0 _aElie, Marc
_eauthor
245 0 0 _aIstorija stalinskogo GULAGa : konec 1920-h - pervaja polovina 1950-h godov. Sbornik dokumentov v semi tomah. The History of Stalin’s GULAG : Late 1920s - Early 1950s. Collected Documents in 7 Volumes Redakcionnyj sovet izdanija : JU.N. Afanas´ev... et al. predsedatel´ : V.P. Kozlov Moscou : ROSSPEN, 2004-2005
260 _c2005.
500 _a29
786 0 _nCahiers du monde russe | Vol 46 | 4 | 2005-11-01 | p. 859r-990r | 1252-6576
856 4 1 _uhttps://shs.cairn.info/revue-cahiers-du-monde-russe-2005-4-page-859r?lang=fr&redirect-ssocas=7080
999 _c1604344
_d1604344